000 00445nam a2200181Ia 4500
001 18276
005 20260306171618.0
008 260306s9999||||xx |||||||||||||| ||und||
041 _aESP
082 _a658.402
_bH64
100 _aHodge, B. J.
_eAUT
245 0 _aTeoría de la organización:
_bun enfoque estratégico
260 _c2003
300 _a480 páginas :
_c25 cm.
650 _aGEN
654 _aCAN
942 _cLIB
_dJUS
_fJUS
_2ddc
_n
999 _c18276
_d18276